297-> Katowice Sądowa - Statystyki

Ogólne statystyki
  • Ten quiz został rozwiązany 15 razy
  • Średni wynik to 24 z 33
Statystyki odpowiedzi
Miasto Przystanek % Poprawnych
Katowice Katowice AWF
100%
Katowice Katowice AWF
100%
Katowice Katowice Dworzec
100%
Katowice Katowice Dworzec
100%
Katowice Katowice Mikołowska
100%
Katowice Katowice Mikołowska
100%
Katowice Katowice Sądowa
100%
Katowice Katowice Sądowa
100%
Katowice Brynów Wincentego Pola
85%
Katowice Brynów Wincentego Pola
85%
Katowice Brynów Centrum Przesiadkowe
77%
Katowice Brynów Centrum Przesiadkowe
77%
Katowice Osiedle Odrodzenia Łętowskiego
77%
Katowice Brynów Dworska
69%
Katowice Brynów Dworska
69%
Katowice Ochojec Ziołowa
69%
Katowice Ochojec Ziołowa
69%
Katowice Osiedle Odrodzenia Radockiego
69%
Katowice Piotrowice Osiedle
69%
Katowice Brynów Rzepakowa
62%
Katowice Brynów Rzepakowa
62%
Katowice Katowice Mikołowska Sąd
62%
Katowice Ochojec Sadowa
62%
Katowice Ochojec Sadowa
62%
Katowice Osiedle Odrodzenia Kościół
62%
Katowice Piotrowice Tyska
62%
Katowice Brynów Kościuszki
54%
Katowice Ochojec Wapienna
54%
Katowice Ochojec Wapienna
54%
Katowice Osiedle Odrodzenia Bażantów
54%
Katowice Brynów Różyckiego
46%
Katowice Brynów Różyckiego
46%
Katowice Osiedle Odrodzenia Szewska
46%
Nie znaleziono quizów pasujących do podanych kryteriów
Rozkład punktacji
Procent ludzi z każdym wynikiem
Percentyl według liczby udzielonych odpowiedzi
Twoja historia wyników
Nie rozwiązałeś tego quizu